Zákazková výstavba nehnuteľností

Vzťah medzi zákazkou, zákazkovou výstavbou nehnuteľnosti určenej na predaj, ostatnou výstavbou nehnuteľností a obstaraním nehnuteľností za účelom ich ďalšieho predaja.

Gespeichert in:
Bibliographische Detailangaben
1. Verfasser: Mateášová, Martina, 1979-
Format: Buchkapitel
Sprache:Slowakisch
Schlagworte:
Tags: Tag hinzufügen
Keine Tags, Fügen Sie das erste Tag hinzu!

MARC

LEADER 00000naa a2200000 4500
001 0183951
005 20240502073142.7
041 0 |a slo 
044 |a SK 
245 1 0 |a Zákazková výstavba nehnuteľností  |c Martina Mateášová 
520 |a Vzťah medzi zákazkou, zákazkovou výstavbou nehnuteľnosti určenej na predaj, ostatnou výstavbou nehnuteľností a obstaraním nehnuteľností za účelom ich ďalšieho predaja. 
610 2 0 |a nehnuteľnosti 
610 2 0 |a výstavba investičná 
610 2 0 |a zákazky 
100 1 |a Mateášová, Martina, 1979-